|
|
|
|
| LEADER |
01017nam a2200265 u 4500 |
| 001 |
10030861 |
| 003 |
GR-PaULI |
| 005 |
20210117210052.0 |
| 008 |
991105s1950 us eng |
| 952 |
|
|
|0 0
|1 0
|2 ddc
|4 0
|6 Π_660_000000000000000_CHE
|7 0
|9 200335
|a LISP
|b LISP
|c REF
|d 2016-04-24
|i 08220
|l 0
|o Π 660 CHE
|p 025000069121
|r 2016-04-24 00:00:00
|t 1
|v 2016.00
|w 2016-04-24
|y BKN
|
| 999 |
|
|
|c 122753
|d 122753
|
| 040 |
|
|
|a GR-PaULI
|c GR-PaULI
|b gre
|e AACR2
|
| 082 |
0 |
4 |
|a 660
|2 23
|
| 245 |
0 |
0 |
|a Chemical engineers' handbook /
|c John H. Perry, editor.
|
| 250 |
|
|
|a 3rd ed.
|
| 260 |
|
|
|a New York :
|b McGraw-Hill,
|c 1950.
|
| 300 |
|
|
|a xv, 1942 σ. :
|b εικ. ;
|c 26 εκ.
|
| 490 |
1 |
|
|a McGraw-Hill chemical engineering series
|
| 500 |
|
|
|a
|
| 504 |
|
|
|a
|
| 650 |
|
4 |
|a Χημική μηχανική
|x Εγχειρίδια κλπ.
|9 154210
|
| 700 |
1 |
|
|a Perry, John Howard,
|d 1895-1953
|e επιμελητής.
|9 154209
|
| 830 |
|
0 |
|9 182357
|a McGraw-Hill series in chemical engineering
|
| 942 |
|
|
|2 ddc
|c BKN
|
| 998 |
|
|
|c ΜΠΟΥΡΑΣ
|d 2020-08
|